Jean-Jacques Rousseau (Record no. 178995)

MARC details
000 -LEADER
campo de control de longitud fija 00858nam a2200217 i 4500
001 - NÚMERO DE CONTROL
campo de control 178995
003 - IDENTIFICADOR DE NÚMERO DE CONTROL
campo de control ES-MaACL
005 - FECHA Y HORA DE LA ÚLTIMA TRANSACCIÓN
campo de control 20251013204012.0
008 - DATOS DE LONGITUD FIJA--INFORMACIÓN GENERAL
campo de control de longitud fija 110817s1912 fr |||| | fre d
245 00 - MENCIÓN DEL TÍTULO
Título Jean-Jacques Rousseau
Resto del título : leçons faites à l'Ecole des Hautes Etudes Sociales / par F. Baldensperger, G. Beaulavon, I. Benrubi... [et al.].
260 ## - PUBLICACIÓN, DISTRIBUCIÓN, ETC.
Lugar de publicación, distribución, etc. Paris :
Nombre del editor, distribuidor, etc. Félix Alcan,
Fecha de publicación, distribución, etc. 1912.
300 ## - DESCRIPCIÓN FÍSICA
Extensión XII, 303 p. ;
Dimensiones 22 cm.
490 1# - MENCIÓN DE SERIE
Mención de serie Bibliothèque générale des sciences sociales ;
Designación de volumen o secuencia 43
600 14 - PUNTO DE ACCESO ADICIONAL DE MATERIA--NOMBRE DE PERSONA
Nombre de persona Rousseau, Jean-Jacques.
9 (RLIN) 100055
700 1# - ENTRADA AGREGADA--NOMBRE PERSONAL
Nombre de persona Baldensperger, Fernand (
Fechas asociadas al nombre 1871-1958)
9 (RLIN) 24881
700 1# - ENTRADA AGREGADA--NOMBRE PERSONAL
Nombre de persona Beaulavon, Georges,
Fechas asociadas al nombre 1869-1943
9 (RLIN) 147634
700 1# - ENTRADA AGREGADA--NOMBRE PERSONAL
Nombre de persona Benrubi, Isaak,
Fechas asociadas al nombre 1876-1943
9 (RLIN) 147635
830 00 - PUNTO DE ACCESO ADICIONAL DE SERIE-TÍTULO UNIFORME
Título uniforme Bibliothèque générale des sciences sociales
Designación de volumen o secuencia 43
9 (RLIN) 187778
852 ## - LOCALIZACIÓN
Ubicación ES-MaACL
Número de control de estantería C-23122
Holdings
Estatus retirado Estado de pérdida Estado de daño No para préstamo Biblioteca de origen Biblioteca actual Ubicación en estantería Fecha de adquisición Fuente de adquisición Total de préstamos Signatura topográfica completa Código de barras Visto por última vez Precio de reemplazo Tipo de ítem Koha
        Biblioteca del Ateneo de Madrid Biblioteca del Ateneo de Madrid Depósito 2 17/08/2011     C-23122 1188022 23/02/2023 23/02/2023 Libro impreso